Polyester molding compounds /

Bibliographic Details
Main Author: Burns, Robert, 1934-1979
Format: Book
Language:English
Published: New York : M. Dekker, [1982]
Series:Plastics engineering (Marcel Dekker, Inc.) ; 2.
Subjects:

MARC

Tag First Indicator Second Indicator Subfields
LEADER 00000pam a2200000 a 4500
001 in00000088390
005 20151008063158.0
008 820209s1982 nyua b 00110 eng
010 |a  82001558  
020 |a 0824712803 
035 |a (OCoLC)08219991 
035 |9 AAK1735AM 
039 0 |a 2  |b 3  |c 3  |d 3  |e 3 
040 |a DLC  |c DLC  |d TXA  |d UtOrBLW 
049 |a TXAM  |c [1387794] 
050 0 0 |a TP1180.P6  |b B87 1982 
082 0 |a 668.4/11  |2 19 
100 1 |a Burns, Robert,  |d 1934-1979. 
245 1 0 |a Polyester molding compounds /  |c Robert Burns. 
264 1 |a New York :  |b M. Dekker,  |c [1982] 
264 4 |c ©1982 
300 |a viii, 335 pages :  |b illustrations ;  |c 24 cm. 
336 |a text  |b txt  |2 rdacontent 
337 |a unmediated  |b n  |2 rdamedia 
338 |a volume  |b nc  |2 rdacarrier 
490 1 |a Plastics engineering ;  |v 2 
504 |a Includes bibliographical references and index. 
650 0 |a Polyesters. 
650 0 |a Plastics  |x Molding. 
830 0 |a Plastics engineering (Marcel Dekker, Inc.) ;  |v 2. 
999 |a MARS 
999 f f |s 3d070424-0b97-3fc5-a1aa-65247a08164b  |i 1f7cc4ed-5f80-3011-960b-fc0afa71453f  |t 0 
952 f f |p ric  |a Texas A&M University  |b Rellis Campus  |c Joint Library Facility  |d Remote Storage  |t 0  |e TP1180.P6 B87 1982  |h Library of Congress classification  |i unmediated -- volume  |m A14805985008 
998 f f |a TP1180.P6 B87 1982  |t 0  |l Remote Storage